| 000 | 00487nam a2200169Ia 4500 | ||
|---|---|---|---|
| 008 | 150610s9999 xx 000 0 und d | ||
| 020 | _a9780525426004 (pbk.) | ||
| 050 |
_aPZ7 _b.G8233 F38 2012 |
||
| 100 | _aGreen, John, 1977- | ||
| 245 | 4 |
_aThe fault in our stars /0 _cJohn Green. |
|
| 250 | _a1st ed. | ||
| 260 |
_aNew York : _bDutton Books, _c2012. |
||
| 300 |
_a318pages ; _c21 cm. |
||
| 520 | _aFiction. | ||
| 650 |
_aLove _xFiction. |
||
| 650 |
_aTerminally ill _xFiction. |
||
| 999 |
_c287874 _d287874 |
||